Famous Canadians Quiz Stats

 Plays Quiz Updated Feb 5, 2019

     
Support Sporcle.
Go Orange.
Score 0/25 Timer 05:00
0 Plays Today
Hint Person(s) % Correct
Busty star of 'Baywatch'Pamela Anderson
88.9%
Star of the 'Matrix' and 'Speed'Keanu Reeves
87.3%
Ace Ventura Pet DetectiveJim Carrey
87%
She sings 'My Heart Will Go On' (from Titanic)Celine Dion
82.9%
Star of 'Wayne's World' and 'Shrek'Mike Myers
80%
Host of TV's 'Jeopardy'Alex Trebek
73.7%
NHL legend known as 'The Great One'Wayne Gretzky
70.4%
Star of 'Star Trek' and 'Boston Legal'William Shatner
70.2%
Singer of ''Summer of '69' and 'Cuts Like a Knife'Bryan Adams
67.3%
Former host of 'Deal or No Deal'Howie Mandel
66.8%
Played Alex P. Keaton on 'Family Ties'Michael J. Fox
65.5%
Popstar discovered by Usher, singer of 'Boyfriend'Justin Bieber
58%
Star of the 'Mummy' Movie SeriesBrendan Fraser
54.1%
Hint Person(s) % Correct
Had the hit album 'Jagged Little Pill'Alanis Morissette
53.2%
Country artist with the album 'Come on Over'Shania Twain
52.1%
Two time NBA MVP for the Phoenix SunsSteve Nash
50.9%
Star of the Naked Gun SeriesLeslie Nielsen
45.6%
Star from 'Uncle Buck' and 'Cool Runnings'John Candy
45.2%
One half of the Blues BrothersDan Aykroyd
33.1%
Host of ABC's World News Tonight from 1983-2005Peter Jennings
31%
You may remember him as Troy McClure or Bill McNealPhil Hartman
28.7%
Wrote the songs 'Hallelujah' and 'Everybody Knows'Leonard Cohen
25.8%
Played Will Truman on 'Will and Grace'Eric McCormack
19.9%
Founder of the Lilith Fair Womens TourSarah McLachlan
19.1%
Creator of Spawn ComicsTodd McFarlane
13.1%

From the Vault

Biggest City by Country (South America)

by NO_r_WAY

Well, that's about the size of it.
Remove Ads.
Support Sporcle.
Get the best of Sporcle when you Go Orange. This ad-free experience offers more features, more stats, and more fun while also helping to support Sporcle. Thank you for becoming a member.

Show Comments

Extras

Top Quizzes Today


Score Distribution

Your Account Isn't Verified!

In order to create a playlist on Sporcle, you need to verify the email address you used during registration. Go to your Sporcle Settings to finish the process.

Report this User

Report this user for behavior that violates our Community Guidelines.

Details: